000 00643cam a2200169 i 4500
005 20251218113707.0
008 250721s1988 jo gr 000 0 ara d
082 1 4 _a217
_bف ا ر
100 1 _aأبو فارس، محمد عبد القادر
_eمؤلف.
245 1 0 _aكتاب الإيمان و النذور /
_cتأليف الدكتور محمد عبد القادر ابو فارس.
250 _aالطبعه الثالثه، مزيدة و منقحة
264 3 1 _aعمان :
_bدار الأرقم للنشر والتوزيع،
_c1988.
300 _a219 صفحة.
650 1 7 _aالإسلام.
942 _2ddc
_cBK
999 _c3427
_d3427